Statistics for Countries with the Highest Inflation Rate

Click here to take the quiz!

General Stats

  • This quiz has been taken 191 times
    (12 since last reset)
  • The average score is 11 of 20

Answer Stats

HintAnswer% Correct
75.9%Venezuela
100%
47.6%Zimbabwe
100%
276%Argentina
83%
67.07%Turkey
83%
45.8%Democratic Republic of the Congo
67%
28.2%Ethiopia
67%
177%Lebanon
67%
28.58%
Myanmar
67%
24.07%Angola
50%
35.7%Egypt
50%
35.8%Iran
50%
25.35%Laos
50%
31.7%
Nigeria
50%
63.3%Sudan
50%
140%Syria
50%
31.34%Cuba
33%
33.5%Malawi
33%
47.42%Sierra Leone
33%
29.6%Suriname
33%
27.2%Palestine
17%

Score Distribution

Percentile by Number Answered

Percent of People with Each Score

Your Score History

You have not taken this quiz since the last reset